000 00592nam a2200217Ia 4500
005 20241216011100.0
008 190212s9999||||xx |||||||||||||| ||und||
082 _a658.3
_bS83
100 _aSTRAUSS, GEORGE
245 0 _aLOS PROBLEMAS HUMANOS DE LA DIRECCION
250 _a0
260 _aMEXICO
_bHERRERO HNOS. SUCESORES
_c1961
300 _a847 pag
_c23 cm
341 _h0
490 _v0
_a0
505 _aFACT. INTEGR.-PROBLEMA PERS./SUPERV.-ORGAN. (ADMINIST.)
541 _aC
_d03-Dec-93
_oSoles
650 _aCIENCIAS APLICADAS
856 _zCiencias Aplicadas
942 _cLIBRO
999 _c32120
_d32120